000 01327cam a2200301 a 4500
090 _c0
001 13316591
005 20040727132951.0
008 030819s2004 ne a bf 001 0 eng
010 _a 2003058315
020 _a0750675799
040 _aDLC
_cDLC
_dDLC
050 0 0 _aTJ930
_b.M84 2004
082 0 0 _a621.8672
_222
_bMUH
100 1 _aMuhlbauer, W. Kent.
245 1 0 _aPipeline Risk Management Manual :
_bIdeas, Techniques, and Resources /
_cW. Kent Muhlbauer.
250 _a3rd ed.
260 _aAmsterdam ;
_bElsevier,
_cc2004.
300 _axvii, 395 p. :
_bill. ;
_c26 cm.
504 _aIncludes bibliographical references and index.
650 0 _aPipelines
_xSafety measures
_vHandbooks, manuals, etc.
650 0 _aPipelines
_xReliability
_vHandbooks, manuals, etc.
856 4 2 _3Publisher description
_uhttp://www.loc.gov/catdir/description/els041/2003058315.html
856 4 1 _3Table of contents
_uhttp://www.loc.gov/catdir/toc/els041/2003058315.html
942 _2ddc
_cBB
999 _c10500
_d10500